00895cam a22002533a 45000010005000000030006000050050017000110080041000280400015000690420007000840500007000911000038000982450113001362600029002495060030002785160020003086530051003286530020003796530045003996530063004446530065005078300028005728560041006003397PGUSA20140828083031.0041022s2004||||xxu|||||s|||||000 | eng d aPGUSAbeng adc 4aPS1 aHowells, William Dean,d1837-192010aRoundabout to Boston (from Literary Friends and Acquaintance)h[electronic resource] /cWilliam Dean Howells bProject Gutenberg,c2004 aPublic domain in the USA. aElectronic text aAuthors, American -- 19th century -- Biography aNew York (N.Y.) aVenice (Italy) -- Description and travel aHowells, William Dean, 1837-1920 -- Friends and associates aAmerican literature -- 19th century -- History and criticism 0aProject Gutenbergv339740uhttp://www.gutenberg.org/ebooks/3397